|
|
|
|
| LEADER |
01112nam a2200277 a 4500 |
| 001 |
GR-Patra5150 |
| 008 |
991022s1994 enk 000 b eng d |
| 020 |
|
|
|a 0077090063
|
| 040 |
|
|
|a GrPaTEI
|b gre
|c GR-PaULI
|
| 245 |
0 |
0 |
|a Improving organizational performance :
|b хa иhandbook for managers.
|
| 260 |
|
|
|a London :
|b McGraw-Hill,
|c 1994
|
| 300 |
|
|
|a xiii, 271σ. :
|b chart., πίν.
|
| 500 |
|
|
|a Includes bibliographies
|
| 650 |
|
0 |
|a Management
|
| 650 |
|
0 |
|a Organizational effectiveness
|
| 650 |
|
4 |
|a ΔΙΟΙΚΗΣΗ ΚΑΙ ΟΡΓΑΝΩΣΗ
|
| 650 |
|
4 |
|a ΔΙΟΙΚΗΣΗ ΚΑΙ ΟΡΓΑΝΩΣΗ
|
| 650 |
|
4 |
|a ΟΡΓΑΝΩΤΙΚΗ ΑΠΟΔΟΣΗ
|
| 650 |
|
4 |
|a ΟΡΓΑΝΩΤΙΚΗ ΑΠΟΔΟΣΗ
|
| 650 |
|
4 |
|a Οργανωτική αποτελεσματικότητα
|
| 700 |
1 |
|
|a Baguley, Phil,
|d 1936-
|
| 710 |
0 |
|
|a McGraw-Hill
|
| 942 |
|
|
|2 ddc
|
| 952 |
|
|
|0 0
|1 0
|2 ddc
|4 0
|6 658_000000000000000_BAG
|7 0
|9 286250
|a LISK
|b LISK
|c BSC
|d 2021-01-17
|e 24
|f 0
|g 0.00
|l 0
|o 658 BAG
|p 9241008906
|r 2021-01-17 00:00:00
|t 1
|w 2021-01-17
|y BK15
|x 19991024 0 1
|x GrPaTEI
|
| 971 |
|
|
|a .b26526566
|b 15-04-20
|c 23-09-16
|
| 999 |
|
|
|c 166978
|d 166978
|